JO 2024 - Les Médailles Françaises - Statistiques

Statistiques générales
  • Ce quiz a été pris 947 fois
    762 depuis la dernière actualisation
  • Le résultat moyen est 13 sur 22
Statistiques - réponses
Sport Or Argent Bronze % Correct
Natation ,4 1 2
98%
Judo 2 2 6
90%
Cyclisme 3 3 3
89%
Football 0 1 0
85%
Basket-ball 0 3 0
80%
Escrime 1 4 2
79%
Handball 0 1 0
75%
Athlétisme 0 1 0
74%
Volley-ball 1 0 0
71%
Rugby à 7 1 0 0
69%
Tir 0 1 0
61%
Tennis de table 0 0 2
58%
Canoë-kayak 1 2 0
54%
Sports équestres 0 1 1
53%
Boxe 0 2 1
51%
Tir à l'arc 0 1 1
46%
Triathlon 1 0 1
45%
Surf 1 0 1
44%
Taekwondo 1 0 1
38%
Breaking 0 1 0
35%
Voile 0 1 1
30%
Pentathlon moderne 0 1 0
22%
Aucun quiz correspondant
Distribution des résultats
% des personnes avec chaque résultat
Percentile par nombre de réponses
Votre historique - résultats
Vous n’avez pas pris ce quiz depuis la dernière actualisation